<A> Simulation of Structural Changes in the Economy of the Regions Affected by the Chernobyl Catastrophe

Saved in:
Bibliographic Details
Main Author: Yastremsky, Alexander I.
Format: Book
Language:English
Published: Wien Institut für Höhere Studien 1994
Edition:1. ed.
Series:Reihe Osteuropa No. 2
Subjects:
Tags: Add Tag
No Tags, Be the first to tag this record!

MARC

LEADER 00000nam a2200000 4500
001 c005608
005 20221214074806.2
041 0 |a eng 
044 |a AT 
245 1 0 |a <A> Simulation of Structural Changes in the Economy of the Regions Affected by the Chernobyl Catastrophe  |c Alexander I. Yastremsky 
250 |a 1. ed. 
264 1 |a Wien  |b Institut für Höhere Studien  |c 1994 
300 |a 16 s. 
490 1 |a Reihe Osteuropa  |v No. 2 
830 0 |a Reihe Osteuropa  |v No. 2 
610 2 0 |a modelovanie 
610 2 0 |a metódy ekonomicko-matematické 
610 2 0 |a ekológia 
610 2 0 |a Ukrajina 
610 2 0 |a Bielorusko 
610 2 0 |a Rusko 
610 2 0 |a Černobyľ 
610 2 0 |a technológie nové 
610 2 0 |a znečistenie ovzdušia 
610 2 0 |a poľnohospodárstvo 
100 1 |a Yastremsky, Alexander I.